Open Data Biblioteca Nacional de Portugal


República Portuguesa: Ministério da Cultura
Biblioteca Nacional de Portugal

Catálogo da BNP: acesso por Identificadores Unívocos
Registos Bibliográficos associados ao registo de autoridade

Etiqueta de registo: 00950ckm 02200277 04500
001 40633
003 http://id.bnportugal.gov.pt/bib/catbnp/40633
005 20010627181000.0
095 ## $aPTBN00041704
100 ## $a19870102d1986 am a0pora0103 ba
101 0# $apor
102 ## $aPT
200 1# $aLer jornais é saber mais$bVisual gráfico]$fConselho de Imprensa$gcartaz de Manuel Marques
210 #9 $a[Lisboa]$cC.I.,$d1986
215 ## $a1 cartaz$cverde, preto e branco$d50x32 cm
317 ## $aColeção Madeira Luís$5PTBN: CT. 13437 V.
330 ## $aCírculo onde se insere rep. fot. de 4 crianças lendo o jornal
675 ## $a070(084.5)$vBN$zpor$3427208
675 ## $a766(=1:469)"198"(084.5)$vBN$zpor$31302430
702 #1 $aMarques,$bManuel$4410$31987311
710 01 $aPortugal.$bConselho de Imprensa$313820
801 #0 $aPT$bBN$gRPC
856 40 $uhttps://purl.pt/10742
856 41 $uhttps://purl.pt/10742/service/media/cover/low
958 ## $aBND$bInterno$cDigitalizado
966 ## $lBN$mICONOG$sCT. 4746 A.
966 ## $lBN$mICONOG$sCT. 13437 V.$x3
998 ## $aBN009 - 00328

Etiqueta de registo: 00980ckm 02200277 04500
001 40634
003 http://id.bnportugal.gov.pt/bib/catbnp/40634
005 20010627181000.0
095 ## $aPTBN00041705
100 ## $a19870102d1986 am a0pora0103 ba
101 0# $apor
102 ## $aPT
200 1# $aLer jornais é saber mais$bVisual gráfico]$fConselho de Imprensa$gcartaz de Manuel Marques
210 #9 $a[Lisboa]$cC.I.,$d1986
215 ## $a1 cartaz$cazul, preto e branco$d50x32 cm
317 ## $aColeção Madeira Luís$5PTBN: CT. 13438 V.
330 ## $aCírculo dividido em quartos, onde se inserem 4 rep. fot. de grupos lendo e recortando jornais
675 ## $a070(084.5)$vBN$zpor$3427208
675 ## $a766(=1:469)"198"(084.5)$vBN$zpor$31302430
702 #1 $aMarques,$bManuel$4410$31987311
710 01 $aPortugal.$bConselho de Imprensa$313820
801 #0 $aPT$bBN$gRPC
856 40 $uhttps://purl.pt/10741
856 41 $uhttps://purl.pt/10741/service/media/cover/low
958 ## $aBND$bInterno$cDigitalizado
966 ## $lBN$mICONOG$sCT. 4745 A.
966 ## $lBN$mICONOG$sCT. 13438 V.$x3
998 ## $aBN009 - 00329

Etiqueta de registo: 00973ckm 02200277 04500
001 40635
003 http://id.bnportugal.gov.pt/bib/catbnp/40635
005 20010627180900.0
095 ## $aPTBN00041706
100 ## $a19870102d1986 am a0pora0103 ba
101 0# $apor
102 ## $aPT
200 1# $aLer jornais é saber mais$bVisual gráfico]$fConselho de Imprensa$gcartaz de Manuel Marques
210 #9 $a[Lisboa]$cC.I.,$d1986$e[Lisboa] :$gOf. Gráf. de D.G.C.S.)
215 ## $a1 cartaz$ccolor.$d50x32 cm
317 ## $aColeção Madeira Luís$5PTBN: CT. 13435 V.
330 ## $aCírculo onde se insere sugestão de 3 crianças lendo um jornal
675 ## $a766(=1:469)"1986"(084.5)$vBN$zpor$31993195
675 ## $a070(084.5)$vBN$zpor$3427208
702 #1 $aMarques,$bManuel$4410$31987311
710 01 $aPortugal.$bConselho de Imprensa$313820
801 #0 $aPT$bBN$gRPC
856 40 $uhttps://purl.pt/10740
856 41 $uhttps://purl.pt/10740/service/media/cover/low
958 ## $aBND$bInterno$cDigitalizado
966 ## $lBN$mICONOG$sCT. 4744 A.
966 ## $lBN$mICONOG$sCT. 13435 V.$x3
998 ## $aBN009 - 00330

Etiqueta de registo: 00000nkm 2200025 450
001 2271599
003 http://id.bnportugal.gov.pt/bib/catbnp/2271599
100 ## $a20260225d1983 m y0pory01030103ba
101 0# $apor
102 ## $aPT
200 1# $aAtenção, carga em movimento, Direcção-Geral de Higiene e Segurança do Trabalho, Ministério do Trabalho e da Segurança Social$bVisual gráfico]$fDirecção-Geral de Higiene e Segurança do Trabalho
210 #9 $a[Lisboa]$cDirecção-Geral de Higiene e Segurança do Trabalho,$d1983$e[S.l.] :$gOficinas Gráficas - SICT/MT
215 ## $a1 cartaz$ccolor.$d42,1x29,3 cm
317 ## $aColeção Madeira Luís
702 #1 $aMarques,$bManuel$31987311
710 01 $aPortugal.$bMinistério do Emprego e da Segurança Social.$bDirecção Geral de Higiene e Segurança do Trabalho$3205459
801 #0 $aPT$bBN$gRPC
966 ## $lBN$mICONOG$sCT. 14881 V.$x3
971 ## $cCaticonografia1$d20260225
995 ## $aPRR2026 $d20260225$iCaticonografia1

OpendataBNP@bnportugal.pt | Mais informação sobre acesso aos dados BNP